000 00687nam a2200217Ii 4500
001 11463
003 CO-ViMGA
008 241108s9999||||xx |||||||||||||| ||und||
020 _a9589235484
040 _aCO-ViMGA
_bspa
_erda
_cCO-ViMGA
041 0 _aunk
082 0 4 _aC863.44-P27a
100 1 _aAndrés Peralta Gómez
_953491
245 1 0 _aAnálisis literarios:
_bMaría, Jorge Isaacs y Manuela de Eugenio Díaz Castro
264 1 _a[Lugar de publicación no identificado] : Esquilo, [199?]
300 _avolumen
336 _atext
_btxt
_2rdacontent
337 _aunmediated
_bn
_2rdamedia
338 _avolume
_bnc
_2rdacarrier
940 _aidficha_siabuc: 11189. -- ficha_no_siabuc:11463
999 _c50144
_d50144